| 000 -LEADER |
| fixed length control field |
01257cam a22002774a 4500 |
| 001 - CONTROL NUMBER |
| control field |
15877011 |
| 005 - DATE AND TIME OF LATEST TRANSACTION |
| control field |
20181004144111.0 |
| 008 - FIXED-LENGTH DATA ELEMENTS--GENERAL INFORMATION |
| fixed length control field |
090821s2011 at a 000 0 eng |
| 010 ## - LIBRARY OF CONGRESS CONTROL NUMBER |
| LC control number |
2009935400 |
| 020 ## - INTERNATIONAL STANDARD BOOK NUMBER |
| International Standard Book Number |
9780495016526 |
| 020 ## - INTERNATIONAL STANDARD BOOK NUMBER |
| International Standard Book Number |
0495016527 |
| 020 ## - INTERNATIONAL STANDARD BOOK NUMBER |
| International Standard Book Number |
9780495831587 |
| 040 ## - CATALOGING SOURCE |
| Original cataloging agency |
DLC |
| 050 00 - LIBRARY OF CONGRESS CALL NUMBER |
| Classification number |
QA276.2.P494 2009 |
| Item number |
.P494 2009 |
| 100 1# - MAIN ENTRY--PERSONAL NAME |
| Personal name |
Pfenning, Nancy. |
| 245 10 - TITLE STATEMENT |
| Title |
Elementary statistics : |
| Remainder of title |
looking at the big picture / |
| Statement of responsibility, etc. |
Nancy Pfenning. |
| 260 ## - PUBLICATION, DISTRIBUTION, ETC. (IMPRINT) |
| Place of publication, distribution, etc. |
Australia |
| -- |
Boston, MA : |
| Name of publisher, distributor, etc. |
Brooks/Cole, Cengage Learning, |
| Date of publication, distribution, etc. |
c2011. |
| 300 ## - PHYSICAL DESCRIPTION |
| Extent |
xxiii, 735 p. : |
| Other physical details |
col. ill. ; |
| Dimensions |
29 cm. |
| 650 #0 - SUBJECT ADDED ENTRY--TOPICAL TERM |
| Topical term or geographic name as entry element |
Statistics |
| Form subdivision |
Problems, exercises, etc. |
| 650 #0 - SUBJECT ADDED ENTRY--TOPICAL TERM |
| Topical term or geographic name as entry element |
Variables (Mathematics) |
| Form subdivision |
Problems, exercises, etc. |
| 856 42 - ELECTRONIC LOCATION AND ACCESS |
| Materials specified |
Contributor biographical information |
| Uniform Resource Identifier |
<a href="http://www.loc.gov/catdir/enhancements/fy1105/2009935400-b.html">http://www.loc.gov/catdir/enhancements/fy1105/2009935400-b.html</a> |
| 856 42 - ELECTRONIC LOCATION AND ACCESS |
| Materials specified |
Publisher description |
| Uniform Resource Identifier |
<a href="http://www.loc.gov/catdir/enhancements/fy1105/2009935400-d.html">http://www.loc.gov/catdir/enhancements/fy1105/2009935400-d.html</a> |
| 856 41 - ELECTRONIC LOCATION AND ACCESS |
| Materials specified |
Table of contents only |
| Uniform Resource Identifier |
<a href="http://www.loc.gov/catdir/enhancements/fy1215/2009935400-t.html">http://www.loc.gov/catdir/enhancements/fy1215/2009935400-t.html</a> |
| 942 ## - ADDED ENTRY ELEMENTS (KOHA) |
| Source of classification or shelving scheme |
|
| Koha item type |
Hard Covered Materials |
| Classification part |
QA276.2.P494 2009 |